[Event "Montendre Blitz op"]
[Site "Montendre"]
[Date "2023.02.18"]
[Round "8"]
[White "Saada, Julien"]
[Black "Lambert, Romain"]
[Result "1-0"]
[WhiteElo "2245"]
[BlackElo "2209"]
[PlyCount "45"]
[EventDate "2023.02.18"]
[EventType "swiss (blitz)"]
[EventRounds "11"]
[EventCountry "FRA"]
[SourceTitle "CBM 212 Extra"]
[Source "ChessBase"]
[SourceDate "2023.03.31"]
[SourceVersion "1"]
[SourceVersionDate "2023.03.31"]
[SourceQuality "1"]

1. d4 d5 2. Nf3 Nf6 3. e3 Bg4 4. c4 dxc4 5. Bxc4 e6 6. 0-0 Nc6 7. h3 Bh5 8. Bb5 Bd6 9. Nbd2 0-0 10. Bxc6 bxc6 11. Qc2 Bg6 12. Qxc6 Nd5 13. a3 Rb8 14. Nc4 Bd3 15. Re1 Ne7 16. Qa4 Be4 17. Nfe5 c5 18. f3 Ba8 19. Rd1 Qc7 20. Bd2 Rfd8 21. Ba5 Qc8 22. Bxd8 Qxd8 23. dxc5 1-0

[Event "Europe Echecs online op April"]
[Site "Europe Echecs INT"]
[Date "2020.04.11"]
[Round "6"]
[White "Le Corre, Benjamin"]
[Black "Saada, Julien"]
[Result "1-0"]
[WhiteElo "2271"]
[BlackElo "2249"]
[PlyCount "63"]
[EventDate "2020.04.11"]
[EventType "swiss (blitz)"]
[EventRounds "11"]
[EventCountry "FRA"]
[SourceTitle "EXT 2021"]
[Source "ChessBase"]
[SourceDate "2020.10.23"]
[SourceVersion "1"]
[SourceVersionDate "2020.10.23"]
[SourceQuality "1"]

1. e4 c6 2. d4 d5 3. f3 e6 4. Nc3 Bb4 5. Bf4 Ne7 6. Qd3 b6 7. 0-0-0 Ng6 8. Bg3 Ba6 9. Qe3 Bxf1 10. Rxf1 Nd7 11. Nge2 Qc8 12. exd5 cxd5 13. Nxd5 Be7 14. Nc7+ Kf8 15. Nxa8 Qxa8 16. Nc3 h5 17. Rd1 h4 18. Bf2 Rh5 19. Kb1 Nf6 20. Rhe1 Nd5 21. Nxd5 Rxd5 22. c4 Rd7 23. d5 exd5 24. cxd5 Rxd5 25. Qe4 Rxd1+ 26. Rxd1 Qc8 27. Rc1 Qd7 28. Qa8+ Bd8 29. Qc8 Qxc8 30. Rxc8 Ke8 31. Ra8 a5 32. Bxb6 1-0

[Event "Europe Echecs online op April"]
[Site "Europe Echecs INT"]
[Date "2020.04.11"]
[Round "3"]
[White "Saada, Julien"]
[Black "Edouard, Romain"]
[Result "0-1"]
[WhiteElo "2249"]
[BlackElo "2649"]
[PlyCount "74"]
[EventDate "2020.04.11"]
[EventType "swiss (blitz)"]
[EventRounds "11"]
[EventCountry "FRA"]
[SourceTitle "EXT 2021"]
[Source "ChessBase"]
[SourceDate "2020.10.23"]
[SourceVersion "1"]
[SourceVersionDate "2020.10.23"]
[SourceQuality "1"]

1. d4 e6 2. Nf3 c5 3. e3 b6 4. Bd3 Bb7 5. 0-0 g6 6. c3 Bg7 7. Nbd2 Ne7 8. Qe2 0-0 9. a3 d6 10. b4 Nd7 11. Bb2 Rc8 12. Rac1 Qc7 13. Rfd1 Qb8 14. Nf1 Rfd8 15. b5 Qa8 16. e4 e5 17. d5 h6 18. Ne3 Rf8 19. Nh4 Qb8 20. g3 Qc7 21. c4 Rce8 22. Qf1 Qd8 23. Rd2 h5 24. Qh3 Bc8 25. Qg2 Bh6 26. Re1 Kh7 27. g4 hxg4 28. Qxg4 Nf6 29. Qg2 Nh5 30. Qf3 Nxd5 31. Nxg6 fxg6 32. Qxf8 Rxf8 33. exd5 Bh3 34. Kh1 Qh4 35. Rg1 e4 36. Be2 Rxf2 37. Bxh5 gxh5 0-1

[Event "Europe Echecs online op March"]
[Site "Europe Echecs INT"]
[Date "2020.03.28"]
[Round "9"]
[White "Cahen, Alexis"]
[Black "Saada, Julien"]
[Result "0-1"]
[WhiteElo "2125"]
[BlackElo "2249"]
[PlyCount "102"]
[EventDate "2020.03.28"]
[EventType "swiss (blitz)"]
[EventRounds "9"]
[EventCountry "FRA"]
[SourceTitle "EXT 2021"]
[Source "ChessBase"]
[SourceDate "2020.10.23"]
[SourceVersion "1"]
[SourceVersionDate "2020.10.23"]
[SourceQuality "1"]

1. e4 c6 2. c4 d5 3. exd5 cxd5 4. cxd5 Nf6 5. Nc3 Nxd5 6. Nf3 Nxc3 7. bxc3 g6 8. d4 Bg7 9. Be3 0-0 10. Be2 b6 11. Qd2 Qc7 12. 0-0 Rd8 13. Bf4 e5 14. Bg3 Qe7 15. Qe3 e4 16. Bh4 f6 17. Bc4+ Kh8 18. Nd2 Bb7 19. Rfe1 Re8 20. f3 g5 21. Bg3 f5 22. fxe4 f4 23. Bxf4 gxf4 24. Qxf4 Nc6 25. Rf1 Rf8 26. Qe3 Na5 27. Bd3 Rac8 28. c4 Nc6 29. Nf3 Rxf3 30. Qxf3 Bxd4+ 31. Kh1 Ne5 32. Qe2 Bxa1 33. Rxa1 Nxd3 34. Qxd3 Qxe4 35. Qc3+ Kg8 36. Qg3+ Qg6 37. Qh3 Rxc4 38. Rd1 Rc8 39. Qb3+ Kh8 40. Qb2+ Qg7 41. Qe2 Rg8 42. Rg1 b5 43. h3 a5 44. Qd2 b4 45. Qe2 a4 46. Qd2 b3 47. axb3 axb3 48. Qe2 Bxg2+ 49. Rxg2 Qxg2+ 50. Qxg2 Rxg2 51. Kxg2 b2 0-1

[Event "Europe Echecs online op March"]
[Site "Europe Echecs INT"]
[Date "2020.03.28"]
[Round "3"]
[White "Gozzoli, Yannick"]
[Black "Saada, Julien"]
[Result "1-0"]
[WhiteElo "2608"]
[BlackElo "2249"]
[PlyCount "87"]
[EventDate "2020.03.28"]
[EventType "swiss (blitz)"]
[EventRounds "9"]
[EventCountry "FRA"]
[SourceTitle "EXT 2021"]
[Source "ChessBase"]
[SourceDate "2020.10.23"]
[SourceVersion "1"]
[SourceVersionDate "2020.10.23"]
[SourceQuality "1"]

1. d4 d5 2. c4 e6 3. Nf3 Nf6 4. g3 dxc4 5. Bg2 Nc6 6. 0-0 Rb8 7. e3 b5 8. b3 cxb3 9. axb3 a6 10. Ba3 Bxa3 11. Nxa3 0-0 12. Qe2 Bb7 13. Rfc1 Nb4 14. Nc2 Nbd5 15. Nce1 Ne4 16. Nd3 Qe7 17. Qe1 Rfc8 18. Nfe5 Ndf6 19. Nc6 Bxc6 20. Rxc6 Ra8 21. Ne5 Nd6 22. Rc2 Nd5 23. Bxd5 exd5 24. Rc5 f6 25. Nd3 c6 26. Qc1 Qd7 27. Nb4 a5 28. Nxc6 Ne4 29. Ne7+ Qxe7 30. Rxc8+ Rxc8 31. Qxc8+ Kf7 32. Rxa5 Kg6 33. Qg4+ Kh6 34. Ra1 g6 35. Kg2 b4 36. Ra8 Nd2 37. Rc8 Kg7 38. Qf4 g5 39. Qc7 Qxc7 40. Rxc7+ Kg6 41. Rd7 Nxb3 42. Rxd5 Nd2 43. Rb5 b3 44. f3 1-0

[Event "Poitiers Futuroscope Rapid"]
[Site "Poitiers"]
[Date "2019.12.01"]
[Round "2.5"]
[White "Paraillous, Maxime"]
[Black "Saada, Julien"]
[Result "0-1"]
[WhiteElo "1904"]
[BlackElo "2256"]
[PlyCount "98"]
[EventDate "2019.12.01"]
[EventType "swiss (rapid)"]
[EventRounds "7"]
[EventCountry "FRA"]
[SourceTitle "EXT 2021"]
[Source "ChessBase"]
[SourceDate "2020.10.23"]
[SourceVersion "1"]
[SourceVersionDate "2020.10.23"]
[SourceQuality "1"]

1. c4 e6 2. g3 d5 3. Bg2 Nf6 4. Nf3 dxc4 5. 0-0 Nbd7 6. Qa4 a6 7. Qxc4 b5 8. Qc2 Bb7 9. b3 Be7 10. Bb2 c5 11. d3 0-0 12. Nbd2 Qb6 13. Rac1 Rac8 14. Qb1 Rfd8 15. Qa1 Bd5 16. Ne5 Bxg2 17. Kxg2 Qb7+ 18. Ndf3 Nb6 19. Kg1 Ne8 20. Nd2 f6 21. Nef3 e5 22. Rfd1 Nc7 23. Ba3 Ne6 24. Rc2 Nd4 25. Nxd4 exd4 26. Rdc1 b4 27. Bb2 Nd5 28. Ne4 Nc3 29. Nxc3 dxc3 30. Bxc3 bxc3 31. Qxc3 Qd5 32. Qc4 Qxc4 33. Rxc4 Rb8 34. Kg2 Kf7 35. Kf3 f5 36. Ra4 Rb6 37. Rcc4 h5 38. Ra5 Kf6 39. h4 g6 40. Rca4 Rdd6 41. Rc4 Re6 42. Rca4 Bf8 43. Rc4 Rb4 44. Rxb4 cxb4 45. Ra4 Ke5 46. e3 Kd5 47. Ra5+ Kd6 48. Rxa6+ Ke5 49. Ra5+ Kf6 0-1

[Event "Montaiguillon rapid 1st"]
[Site "Montagne"]
[Date "2019.09.08"]
[Round "7"]
[White "Saada, Julien"]
[Black "Fressinet, Laurent"]
[Result "0-1"]
[WhiteElo "2258"]
[BlackElo "2633"]
[PlyCount "72"]
[EventDate "2019.09.08"]
[EventType "swiss (rapid)"]
[EventRounds "9"]
[EventCountry "FRA"]
[SourceTitle "EXT 2020"]
[Source "ChessBase"]
[SourceDate "2019.10.17"]
[SourceVersion "1"]
[SourceVersionDate "2019.10.17"]
[SourceQuality "1"]

1. d4 Nf6 2. Bg5 d5 3. Bxf6 gxf6 4. c4 e5 5. e3 Nc6 6. cxd5 Qxd5 7. Nc3 Bb4 8. a3 Bxc3+ 9. bxc3 Bf5 10. Nf3 0-0-0 11. Qa4 Be4 12. Bc4 Qd6 13. Bb5 a6 14. dxe5 Qc5 15. Qc4 Qxb5 16. Qxe4 fxe5 17. Rb1 Qd3 18. Qxd3 Rxd3 19. Rc1 e4 20. Ke2 Rhd8 21. Nd4 Ne5 22. Rhd1 c5 23. Nf5 Nc4 24. Ng3 Nb2 25. Re1 Rd2+ 26. Kf1 f5 27. Re2 Rd1+ 28. Rxd1 Rxd1+ 29. Re1 Rd5 30. Ke2 b5 31. Rb1 Na4 32. Rc1 Rd3 33. Nxf5 Nxc3+ 34. Ke1 Kd7 35. Ng3 b4 36. axb4 cxb4 0-1

[Event "Rochefort op 18th Op A"]
[Site "Rochefort"]
[Date "2019.02.17"]
[Round "3.2"]
[White "Saada, Julien"]
[Black "Demuth, Adrien"]
[Result "1/2-1/2"]
[WhiteElo "2281"]
[BlackElo "2519"]
[PlyCount "26"]
[EventDate "2019.02.16"]
[EventType "swiss"]
[EventRounds "9"]
[EventCountry "FRA"]
[SourceTitle "CBM 189 Extra"]
[Source "ChessBase"]
[SourceDate "2019.06.03"]
[SourceVersion "1"]
[SourceVersionDate "2019.06.03"]
[SourceQuality "1"]

1. d4 e6 2. Nf3 Nf6 3. e3 b6 4. Bd3 Bb7 5. 0-0 c5 6. Re1 Nc6 7. c3 d5 8. Nbd2 Be7 9. b3 0-0 10. Bb2 Qc7 11. Rc1 e5 12. e4 exd4 13. cxd4 Nb4 1/2-1/2

[Event "Rochefort op 18th Op A"]
[Site "Rochefort"]
[Date "2019.02.16"]
[Round "8.16"]
[White "David, Bogdan Emanuel"]
[Black "Saada, Julien"]
[Result "1/2-1/2"]
[WhiteElo "2190"]
[BlackElo "2281"]
[PlyCount "150"]
[EventDate "2019.02.16"]
[EventType "swiss"]
[EventRounds "9"]
[EventCountry "FRA"]
[SourceTitle "CBM 189 Extra"]
[Source "ChessBase"]
[SourceDate "2019.06.03"]
[SourceVersion "1"]
[SourceVersionDate "2019.06.03"]
[SourceQuality "1"]

1. e4 c6 2. d4 d5 3. e5 Bf5 4. Nf3 e6 5. Be2 Ne7 6. 0-0 h6 7. Nbd2 Nd7 8. Nb3 Qc7 9. Bd2 g5 10. Rc1 Bg7 11. c4 a5 12. a4 0-0 13. Qe1 Qb6 14. Nxa5 Ng6 15. c5 Qc7 16. h4 g4 17. Nh2 h5 18. f3 g3 19. Qxg3 Rxa5 20. Bxa5 Qxa5 21. Rcd1 Qd8 22. f4 Qxh4 23. Qxh4 Nxh4 24. g3 Ng6 25. Bxh5 Bc2 26. Ra1 Ne7 27. Rf2 Be4 28. Bg4 Bf5 29. Ra3 f6 30. Rb3 Rb8 31. Bh5 Bb1 32. g4 Ba2 33. Re3 f5 34. g5 b6 35. b3 Bb1 36. cxb6 Rxb6 37. Be8 Nf8 38. Rc3 Nfg6 39. Kg2 Kf8 40. Bd7 Kf7 41. a5 Ra6 42. b4 Nf8 43. b5 cxb5 44. Bxb5 Rxa5 45. Rb2 Be4+ 46. Kg3 Ra1 47. Nf3 Rd1 48. Be2 Bxf3 49. Bxf3 Rxd4 50. Rc7 Nfg6 51. Bh5 Kg8 52. Rb8+ Bf8 53. Bxg6 Nxg6 54. Rcc8 Kf7 55. Rc7+ Be7 56. Rbb7 Rd1 57. Kf2 Rd4 58. Kg3 Rd3+ 59. Kf2 Ra3 60. Rxe7+ Nxe7 61. g6+ Kxg6 62. Rxe7 Kh5 63. Rxe6 Kg4 64. Rd6 Kxf4 65. Rxd5 Rf3+ 66. Kg2 Re3 67. Kf2 Re4 68. Rd3 Kxe5 69. Re3 Kd4 70. Rxe4+ Kxe4 71. Ke2 f4 72. Kf2 f3 73. Kf1 Ke3 74. Ke1 f2+ 75. Kf1 Kf3 1/2-1/2

[Event "Rochefort op 18th Op A"]
[Site "Rochefort"]
[Date "2019.02.16"]
[Round "9.13"]
[White "Saada, Julien"]
[Black "Lucas, Arthur"]
[Result "0-1"]
[WhiteElo "2281"]
[BlackElo "2178"]
[PlyCount "180"]
[EventDate "2019.02.16"]
[EventType "swiss"]
[EventRounds "9"]
[EventCountry "FRA"]
[SourceTitle "CBM 189 Extra"]
[Source "ChessBase"]
[SourceDate "2019.06.03"]
[SourceVersion "1"]
[SourceVersionDate "2019.06.03"]
[SourceQuality "1"]

1. d4 g6 2. e4 Bg7 3. Nf3 d6 4. Be2 a6 5. 0-0 Nd7 6. Re1 b6 7. Nc3 Bb7 8. Bf1 e6 9. Bg5 Ne7 10. Qd2 h6 11. Be3 Kf8 12. h3 Kg8 13. Rad1 Kh7 14. Bf4 g5 15. Bh2 Ng6 16. d5 Re8 17. dxe6 fxe6 18. Nd4 Qf6 19. Be2 Rf8 20. Bg4 Rae8 21. Rf1 Nde5 22. Bh5 Re7 23. Bxe5 Nxe5 24. Qe2 c5 25. Nf3 Nxf3+ 26. Bxf3 Qf4 27. Qd2 Be5 28. Qxf4 Rxf4 29. Ne2 Rf8 30. c3 Kg6 31. Nc1 h5 32. Rfe1 Rd8 33. Re2 Red7 34. g3 Bg7 35. Red2 Bh6 36. Re2 Bg7 37. Bg2 g4 38. f3 gxf3 39. Bxf3 Rf8 40. Bg2 Be5 41. Re3 Bg7 42. Ne2 Be5 43. Red3 Kf7 44. h4 Ke7 45. Rf1 Rxf1+ 46. Kxf1 Rd8 47. Bf3 Rf8 48. Kg2 Bc6 49. Re3 Be8 50. c4 b5 51. b3 Bg6 52. Rd3 Rb8 53. Nf4 Bxf4 54. gxf4 bxc4 55. bxc4 Rb2+ 56. Kg3 Rxa2 57. Rb3 Ra4 58. Rb7+ Kf6 59. Rb6 Rxc4 60. Rxd6 Bxe4 61. Bxh5 Rc3+ 62. Kf2 a5 63. Ra6 Ra3 64. Bg4 Bf5 65. Be2 Ra2 66. Ke3 a4 67. Ra5 Ra3+ 68. Kf2 Ra2 69. Ke3 Ra3+ 70. Kf2 Rh3 71. Rxa4 Rxh4 72. Ke3 Rh3+ 73. Kd2 Ke7 74. Ra6 Be4 75. Bg4 Rh2+ 76. Ke3 Bd5 77. f5 exf5 78. Bxf5 Rh4 79. Bb1 Kd7 80. Ba2 Rh3+ 81. Kf4 Bxa2 82. Rxa2 Kc6 83. Ke4 Kb5 84. Ra8 Kb4 85. Rb8+ Kc4 86. Rc8 Rh7 87. Ke3 Rd7 88. Ke2 Kb4 89. Rb8+ Kc3 90. Rb1 Kc2 0-1

[Event "Andorra op 36th"]
[Site "Escaldes"]
[Date "2018.07.29"]
[Round "9"]
[White "Saada, Julien"]
[Black "Garcia Paolicchi, Raul"]
[Result "1/2-1/2"]
[WhiteElo "2266"]
[BlackElo "2155"]
[PlyCount "38"]
[EventDate "2018.07.21"]
[EventType "swiss"]
[EventRounds "9"]
[EventCountry "AND"]
[SourceTitle "CBM 185 Extra"]
[Source "ChessBase"]
[SourceDate "2018.07.29"]
[SourceVersion "1"]
[SourceVersionDate "2018.07.29"]
[SourceQuality "1"]

1. d4 d5 2. c4 c6 3. Nf3 Nf6 4. e3 Bg4 5. Qb3 Qb6 6. Ne5 Bf5 7. cxd5 Qxb3 8. axb3 Nxd5 9. Nc3 Nb4 10. Ra4 e6 11. e4 Bg6 12. Nd3 Nc2+ 13. Kd1 b5 14. Kxc2 bxa4 15. bxa4 Na6 16. Be3 Nb4+ 17. Nxb4 Bxb4 18. f3 a5 19. Bc4 0-0 1/2-1/2

[Event "Sautron op 16th"]
[Site "Sautron"]
[Date "2016.10.22"]
[Round "3.19"]
[White "Saada, Julien"]
[Black "Caderon, Michel"]
[Result "1-0"]
[WhiteElo "2251"]
[BlackElo "1967"]
[PlyCount "81"]
[EventDate "2016.10.22"]
[EventType "swiss"]
[EventRounds "9"]
[EventCountry "FRA"]
[SourceTitle "EXT 2019"]
[Source "ChessBase"]
[SourceDate "2018.10.10"]
[SourceVersion "1"]
[SourceVersionDate "2018.10.10"]
[SourceQuality "1"]

1. d4 Nf6 2. Bg5 Ne4 3. Bf4 c5 4. f3 Qa5+ 5. c3 Nf6 6. d5 Qb6 7. Bc1 e6 8. c4 exd5 9. cxd5 c4 10. e3 Bc5 11. Kf2 0-0 12. Bxc4 d6 13. Qb3 Nbd7 14. Ne2 Re8 15. Ng3 Ne5 16. Qxb6 Bxb6 17. Bb5 Re7 18. Nc3 a6 19. Be2 Bd7 20. Re1 Rc8 21. Bd2 Ba5 22. Rad1 b5 23. a3 Nc4 24. Bxc4 Rxc4 25. Nce4 Nxe4+ 26. Nxe4 Rc2 27. Re2 Bb6 28. Bb4 Bxe3+ 29. Kxe3 Rxe2+ 30. Kxe2 f5 31. Bxd6 Re8 32. Ke3 fxe4 33. fxe4 Rc8 34. Rd2 Rc4 35. Bb4 g6 36. Rf2 Kg7 37. Bf8+ Kg8 38. Bh6 Rc8 39. b4 Kh8 40. h3 Kg8 41. g4 1-0

[Event "Sautron op 16th"]
[Site "Sautron"]
[Date "2016.10.22"]
[Round "1.19"]
[White "Saada, Julien"]
[Black "Pottier, Simeon"]
[Result "1-0"]
[WhiteElo "2251"]
[BlackElo "1945"]
[PlyCount "104"]
[EventDate "2016.10.22"]
[EventType "swiss"]
[EventRounds "9"]
[EventCountry "FRA"]
[SourceTitle "EXT 2019"]
[Source "ChessBase"]
[SourceDate "2018.10.10"]
[SourceVersion "1"]
[SourceVersionDate "2018.10.10"]
[SourceQuality "1"]

1. d4 Nf6 2. Nf3 c5 3. e3 g6 4. dxc5 Qa5+ 5. Nbd2 Bg7 6. a3 Ne4 7. Nd4 Nxd2 8. b4 Qc7 9. Qxd2 0-0 10. Bb2 b6 11. Nb5 Qc6 12. Bxg7 Kxg7 13. Qc3+ Kg8 14. cxb6 axb6 15. Qxc6 Nxc6 16. c3 Bb7 17. 0-0-0 d6 18. Kb2 Ne5 19. Rd4 Rfc8 20. f3 d5 21. f4 Nc4+ 22. Bxc4 dxc4 23. Rd2 Be4 24. Rhd1 Bd3 25. Nd4 Ra7 26. Nf3 Rca8 27. Ra1 f6 28. Ne1 Bf5 29. g4 Be6 30. Nc2 Kf7 31. e4 Bd7 32. e5 f5 33. Ne3 Be6 34. g5 h6 35. gxh6 Rh8 36. h4 Rxh6 37. Rh1 Rh8 38. Nc2 Rd7 39. Nd4 Rdd8 40. Rdh2 Bd5 41. Rg1 Rh5 42. Rg5 Rdh8 43. Rxh5 Rxh5 44. a4 Rh8 45. Ka3 Be6 46. b5 Bd5 47. Kb4 e6 48. Nc2 Be4 49. Ne3 Bd5 50. Nxc4 Bxc4 51. Kxc4 Rc8+ 52. Kd4 Rd8+ 1-0

[Event "FRA-chT Top 12"]
[Site "Montpellier"]
[Date "2015.06.05"]
[Round "7.6"]
[White "Michiels, Bart"]
[Black "Saada, Julien"]
[Result "1-0"]
[WhiteElo "2536"]
[BlackElo "2296"]
[PlyCount "111"]
[EventDate "2015.05.30"]
[EventType "team-tourn"]
[EventRounds "11"]
[EventCountry "FRA"]
[SourceTitle "CBM 166 Extra"]
[Source "ChessBase"]
[SourceDate "2015.06.18"]
[SourceVersion "1"]
[SourceVersionDate "2015.06.18"]
[SourceQuality "1"]
[WhiteTeam "Grasse Echecs"]
[BlackTeam "Poitiers Migne"]
[WhiteTeamCountry "FRA"]
[BlackTeamCountry "FRA"]

1. d4 d5 2. c4 e6 3. Nc3 Nf6 4. cxd5 exd5 5. Bg5 c6 6. e3 Be7 7. Qc2 Nbd7 8. Bd3 Nf8 9. Nf3 Ne6 10. Bh4 g6 11. 0-0 0-0 12. Rab1 Ng4 13. Bg3 Bd6 14. Bxd6 Qxd6 15. h3 Nh6 16. b4 Bd7 17. b5 c5 18. dxc5 Nxc5 19. Rbd1 Rac8 20. Bc4 Bf5 21. Qd2 Ne4 22. Nxe4 Bxe4 23. Bxd5 Rc2 24. Bxf7+ Nxf7 25. Qxd6 Nxd6 26. Rxd6 Bxf3 27. gxf3 Rxf3 28. a4 Rf7 29. Rd4 Ra2 30. Kg2 Kg7 31. Kg3 b6 32. h4 Re2 33. Re4 Rd2 34. f3 Rc7 35. Rb1 Kf6 36. Rbb4 Rc1 37. Rbc4 Rg1+ 38. Kf4 Rd7 39. Rc6+ Kf7 40. Rd4 Re7 41. Re4 Rd7 42. Rec4 Rh1 43. Rc7 Rxh4+ 44. Kg3 Rxc4 45. Rxd7+ Kf6 46. Rxa7 h5 47. Ra6 h4+ 48. Kh3 Kg5 49. Rxb6 Rxa4 50. Re6 Kf5 51. Re4 Ra3 52. Rb4 Rxe3 53. b6 Re8 54. b7 Rb8 55. Kxh4 Kf6 56. Kg4 1-0

[Event "Montigny le Bretonneux 2nd"]
[Site "Montigny le Bretonneux"]
[Date "2014.10.24"]
[Round "7"]
[White "Joie, Sebastien"]
[Black "Saada, Julien"]
[Result "1-0"]
[WhiteElo "2398"]
[BlackElo "2331"]
[PlyCount "34"]
[EventDate "2014.10.18"]
[EventType "tourn"]
[EventRounds "9"]
[EventCountry "FRA"]
[EventCategory "5"]
[SourceTitle "EXT 2016"]
[Source "ChessBase"]
[SourceDate "2015.10.08"]
[SourceVersion "1"]
[SourceVersionDate "2015.10.08"]
[SourceQuality "1"]

1. d4 d5 2. c4 e6 3. Nf3 Nf6 4. g3 dxc4 5. Bg2 Nc6 6. Qa4 Bb4+ 7. Nc3 0-0 8. 0-0 Rb8 9. Ne5 Qxd4 10. Nxc6 bxc6 11. Be3 Qe5 12. Bxa7 Ra8 13. Qxb4 Rxa7 14. Qxc4 Nd5 15. Qc5 Rb7 16. e4 Rxb2 17. exd5 cxd5 1-0

[Event "Montigny le Bretonneux 2nd"]
[Site "Montigny le Bretonneux"]
[Date "2014.10.21"]
[Round "4"]
[White "Jessel, Stephen"]
[Black "Saada, Julien"]
[Result "1/2-1/2"]
[WhiteElo "2342"]
[BlackElo "2331"]
[PlyCount "173"]
[EventDate "2014.10.18"]
[EventType "tourn"]
[EventRounds "9"]
[EventCountry "FRA"]
[EventCategory "5"]
[SourceTitle "EXT 2016"]
[Source "ChessBase"]
[SourceDate "2015.10.08"]
[SourceVersion "1"]
[SourceVersionDate "2015.10.08"]
[SourceQuality "1"]

1. Nf3 d5 2. c4 e6 3. g3 Nf6 4. b3 dxc4 5. bxc4 e5 6. Bg2 Nc6 7. 0-0 Bc5 8. Nc3 0-0 9. d3 h6 10. Bb2 Re8 11. Nd5 Bg4 12. Rb1 Rb8 13. h3 Bh5 14. Ba1 Nxd5 15. cxd5 Qxd5 16. g4 e4 17. Nd2 Bg6 18. Nxe4 Bxe4 19. Bxe4 Qd6 20. Kg2 Bb6 21. e3 Ne5 22. Qc2 c6 23. Qc3 f6 24. Rb3 Nd7 25. Qc4+ Kh8 26. Rbb1 Re7 27. Rh1 Rd8 28. Rbd1 Ne5 29. Qc2 Nf7 30. h4 Qd7 31. Qe2 Bc7 32. f4 Nd6 33. Bg6 Qe6 34. e4 Nb5 35. Qf3 Qxa2+ 36. Kh3 Nd4 37. Bxd4 Rxd4 38. g5 Qe6+ 39. Bf5 Qd6 40. gxh6 gxh6 41. Rhf1 Rg7 42. Qh5 Rxd3+ 43. Rxd3 Qxd3+ 44. Rf3 Qd6 45. Qxh6+ Kg8 46. e5 Qd5 47. Bh7+ Kf8 48. Qxf6+ Rf7 49. Qh6+ Rg7 50. Qf6+ Rf7 51. Qh8+ Ke7 52. Kg3 Qd4 53. Kg4 Qg1+ 54. Rg3 Qd1+ 55. Kg5 Qd4 56. Rg4 Bd8 57. Bg6 Kd7+ 58. Kh5 Qd5 59. Bxf7 Qxf7+ 60. Kh6 Be7 61. e6+ Qxe6+ 62. Rg6 Qd5 63. Qe5 Qxe5 64. fxe5 Bxh4 65. Kg7 a5 66. Kf7 Be7 67. Rg1 Bc5 68. Rc1 Ba3 69. Ra1 Bc5 70. Rxa5 b5 71. Ra1 Kc7 72. Rc1 Ba3 73. Ra1 Bc5 74. e6 Kb6 75. Rc1 Bd6 76. e7 Bxe7 77. Kxe7 b4 78. Kd6 Kb5 79. Rxc6 b3 80. Kd5 b2 81. Rc8 Kb4 82. Kd4 Kb3 83. Rb8+ Kc2 84. Rc8+ Kd2 85. Rb8 Kc2 86. Rc8+ Kd2 87. Rb8 1/2-1/2

[Event "Montigny le Bretonneux 2nd"]
[Site "Montigny le Bretonneux"]
[Date "2014.10.19"]
[Round "2"]
[White "Etrog, Jonathan"]
[Black "Saada, Julien"]
[Result "1/2-1/2"]
[WhiteElo "2255"]
[BlackElo "2331"]
[PlyCount "44"]
[EventDate "2014.10.18"]
[EventType "tourn"]
[EventRounds "9"]
[EventCountry "FRA"]
[EventCategory "5"]
[SourceTitle "EXT 2016"]
[Source "ChessBase"]
[SourceDate "2015.10.08"]
[SourceVersion "1"]
[SourceVersionDate "2015.10.08"]
[SourceQuality "1"]

1. c4 e6 2. g3 d5 3. Bg2 Nf6 4. Nf3 dxc4 5. Na3 Bxa3 6. bxa3 Nbd7 7. Bb2 0-0 8. Rc1 b5 9. a4 a6 10. d3 Bb7 11. dxc4 Qb8 12. c5 Bc6 13. 0-0 bxa4 14. Qc2 Qb4 15. Bc3 Qg4 16. Bxf6 gxf6 17. Ng5 fxg5 18. Bxc6 Rad8 19. Qxa4 Ne5 20. Qxg4 Nxg4 21. Rfd1 Kg7 22. Bb7 a5 1/2-1/2

[Event "Split op 4th"]
[Site "Split"]
[Date "2014.08.21"]
[Round "7"]
[White "Saada, Julien"]
[Black "Colin, Vincent"]
[Result "1-0"]
[WhiteElo "2361"]
[BlackElo "2425"]
[PlyCount "93"]
[EventDate "2014.08.16"]
[EventType "swiss"]
[EventRounds "9"]
[EventCountry "CRO"]
[SourceTitle "CBM 161 Extra"]
[Source "ChessBase"]
[SourceDate "2014.08.29"]
[SourceVersion "1"]
[SourceVersionDate "2014.08.29"]
[SourceQuality "1"]

1. d4 d6 2. e4 Nf6 3. Nc3 Nbd7 4. Nf3 e5 5. Bc4 Be7 6. 0-0 c6 7. a4 Qc7 8. a5 0-0 9. Qe2 exd4 10. Nxd4 Ne5 11. Bb3 Re8 12. h3 d5 13. f4 Bc5 14. Qd1 dxe4 15. fxe5 Qxe5 16. Ra4 Rd8 17. Nce2 b5 18. axb6 Bxb6 19. Be3 Bd7 20. Qa1 c5 21. Ra5 Bxa5 22. Qxa5 Rdc8 23. Bc4 Nd5 24. Bxd5 Qxd5 25. Nb3 Rab8 26. Nc3 Qc6 27. Qxc5 Qg6 28. Nd5 Re8 29. Ne7+ Rxe7 30. Qxe7 Bxh3 31. Rf2 h5 32. Nc5 Rxb2 33. Qe8+ Kh7 34. Qxe4 f5 35. Ne6 Rb8 36. Qe5 Re8 37. Ng5+ Kh8 38. Qd4 Bg4 39. Qxa7 Rc8 40. Qb6 Qe8 41. Qb3 Rb8 42. Qd3 h4 43. Bf4 Rb1+ 44. Kh2 Bh5 45. Qe3 Rb2 46. Qxe8+ Bxe8 47. Rd2 1-0

[Event "Sables d'Olonne op 1st"]
[Site "Sables d'Olonne"]
[Date "2014.07.16"]
[Round "7"]
[White "Saada, Julien"]
[Black "Keller, Christophe"]
[Result "1/2-1/2"]
[WhiteElo "2378"]
[BlackElo "2140"]
[PlyCount "47"]
[EventDate "2014.07.12"]
[EventType "swiss"]
[EventRounds "9"]
[EventCountry "FRA"]
[SourceTitle "CBM 161 Extra"]
[Source "ChessBase"]
[SourceDate "2014.08.29"]
[SourceVersion "1"]
[SourceVersionDate "2014.08.29"]
[SourceQuality "1"]

1. d4 e6 2. Nf3 Nf6 3. c3 b6 4. Bg5 h6 5. Bxf6 Qxf6 6. e4 Bb7 7. Nbd2 d6 8. Bb5+ c6 9. Bd3 Qd8 10. Qe2 Nd7 11. 0-0 Qc7 12. a4 Be7 13. Ne1 e5 14. Nc2 0-0 15. f4 exf4 16. Rxf4 Bg5 17. Rf2 Rae8 18. Qf1 Nf6 19. Re1 c5 20. d5 Ng4 21. Rfe2 Ne5 22. Rf2 Ng4 23. Rfe2 Ne5 24. Rf2 1/2-1/2

[Event "Sables d'Olonne op 1st"]
[Site "Sables d'Olonne"]
[Date "2014.07.15"]
[Round "5"]
[White "Saada, Julien"]
[Black "Degraeve, Jean Marc"]
[Result "0-1"]
[WhiteElo "2378"]
[BlackElo "2579"]
[PlyCount "88"]
[EventDate "2014.07.12"]
[EventType "swiss"]
[EventRounds "9"]
[EventCountry "FRA"]
[SourceTitle "CBM 161 Extra"]
[Source "ChessBase"]
[SourceDate "2014.08.29"]
[SourceVersion "1"]
[SourceVersionDate "2014.08.29"]
[SourceQuality "1"]

1. d4 Nf6 2. Nf3 g6 3. Nbd2 Bg7 4. e4 d6 5. Bd3 0-0 6. 0-0 c5 7. c3 cxd4 8. cxd4 Nc6 9. b3 Nh5 10. Bb2 Nf4 11. Bc4 Qb6 12. e5 d5 13. Be2 Bf5 14. g3 Bc2 15. Qxc2 Nxe2+ 16. Kg2 Nexd4 17. Nxd4 Nxd4 18. Bxd4 Qxd4 19. Nf3 Qb4 20. Rac1 e6 21. Qc5 Qxc5 22. Rxc5 Bh6 23. Rc7 Rab8 24. Nd4 Rfc8 25. Rd7 a6 26. f4 Kf8 27. f5 gxf5 28. Nxf5 exf5 29. Rxf5 Kg8 30. Rfxf7 Rd8 31. Rc7 Re8 32. Rxh7 Bf8 33. Rhd7 Rxe5 34. h4 a5 35. g4 b5 36. g5 a4 37. Kg3 Rbe8 38. Kg4 Re4+ 39. Kf5 axb3 40. axb3 Rxh4 41. Rxd5 b4 42. Rdd7 Rhe4 43. Rc6 R8e5+ 44. Kg6 Re6+ 0-1